<?xml version="1.0" encoding="UTF-8"?>
<resp>
  <nextPage>https://data.bn.org.pl/api/networks/bibs.marcxml?marc=001+b1000002988547&amp;sinceId=1000002988548</nextPage>
  <collection>
    <record xmlns='http://www.loc.gov/MARC21/slim'><leader>01795naa a2200505 i 4500</leader><controlfield tag='001'>b1000002988547</controlfield><controlfield tag='005'>20241203215735.7</controlfield><controlfield tag='008'>230802s2021    pl           |000 0 ukroc</controlfield><controlfield tag='009'>9913282340705606</controlfield><datafield ind1=' ' ind2=' ' tag='035'><subfield code='a'>(PL)b1000002988547</subfield></datafield><datafield ind1=' ' ind2=' ' tag='040'><subfield code='a'>WA N</subfield><subfield code='c'>WA N</subfield><subfield code='d'>WA N</subfield></datafield><datafield ind1='2' ind2=' ' tag='045'><subfield code='b'>d1952</subfield><subfield code='b'>d2021</subfield></datafield><datafield ind1=' ' ind2=' ' tag='046'><subfield code='k'>2021</subfield></datafield><datafield ind1=' ' ind2=' ' tag='080'><subfield code='a'>365(045/046)</subfield></datafield><datafield ind1='0' ind2='0' tag='245'><subfield code='a'>Badania mające na celu ocenę dostępności i jakości opieki paliatywnej :</subfield><subfield code='b'>(na podstawie doświadczeń szkoły z internatem w Niżynie) /</subfield><subfield code='c'>Rusłan Novgorodsky, Julia Novgorodskaya.</subfield></datafield><datafield ind1=' ' ind2=' ' tag='260'><subfield code='c'>2021.</subfield></datafield><datafield ind1=' ' ind2=' ' tag='336'><subfield code='a'>Tekst</subfield><subfield code='b'>txt</subfield><subfield code='2'>rdacontent</subfield></datafield><datafield ind1=' ' ind2=' ' tag='337'><subfield code='a'>Bez urządzenia pośredniczącego</subfield><subfield code='b'>n</subfield><subfield code='2'>rdamedia</subfield></datafield><datafield ind1=' ' ind2=' ' tag='338'><subfield code='a'>Wolumin</subfield><subfield code='b'>nc</subfield><subfield code='2'>rdacarrier</subfield></datafield><datafield ind1=' ' ind2=' ' tag='380'><subfield code='a'>Artykuły</subfield></datafield><datafield ind1=' ' ind2=' ' tag='380'><subfield code='a'>Publikacje naukowe</subfield></datafield><datafield ind1='1' ind2=' ' tag='388'><subfield code='a'>2001-</subfield></datafield><datafield ind1='2' ind2='7' tag='610'><subfield code='a'>Nizins&apos;kij ditacij budinok-internat (Nieżyn)</subfield><subfield code='2'>DBN</subfield></datafield><datafield ind1=' ' ind2='7' tag='648'><subfield code='a'>1901-2000</subfield><subfield code='2'>DBN</subfield></datafield><datafield ind1=' ' ind2='7' tag='648'><subfield code='a'>1945-1989</subfield><subfield code='2'>DBN</subfield></datafield><datafield ind1=' ' ind2='7' tag='648'><subfield code='a'>1989-2000</subfield><subfield code='2'>DBN</subfield></datafield><datafield ind1=' ' ind2='7' tag='648'><subfield code='a'>2001-</subfield><subfield code='2'>DBN</subfield></datafield><datafield ind1=' ' ind2='7' tag='650'><subfield code='a'>Opieka paliatywna</subfield><subfield code='2'>DBN</subfield></datafield><datafield ind1=' ' ind2='7' tag='651'><subfield code='a'>Nieżyn (Ukraina, obw. czernihowski, rej. nieżyński)</subfield><subfield code='2'>DBN</subfield></datafield><datafield ind1=' ' ind2='7' tag='655'><subfield code='a'>Case study (studium przypadku)</subfield><subfield code='2'>DBN</subfield></datafield><datafield ind1=' ' ind2='7' tag='655'><subfield code='a'>Artykuł z pracy zbiorowej</subfield><subfield code='2'>DBN</subfield></datafield><datafield ind1=' ' ind2=' ' tag='658'><subfield code='a'>Socjologia i społeczeństwo</subfield></datafield><datafield ind1='0' ind2=' ' tag='773'><subfield code='i'>W:</subfield><subfield code='t'>Aktualne problemy społeczne Ukrainy i Polski : aspekty edukacyjne i socjokulturowe.</subfield><subfield code='g'>s.</subfield><subfield code='w'>(PL)b1000002401262</subfield></datafield><datafield ind1=' ' ind2=' ' tag='852'><subfield code='b'>48OMNIS_NETWORK</subfield><subfield code='8'>9913282340705606</subfield></datafield></record>
  </collection>
</resp>
